[Event "St Petersburg op"]
[Site "St Petersburg"]
[Date "1994.??.??"]
[Round "1"]
[White "Gleizerov, Evgeny"]
[Black "Dokuchaev, Aleksander"]
[Result "1/2-1/2"]
[WhiteElo "2535"]
[BlackElo "2400"]

1.d4 d5 2.c4 dxc4 3.e3 Nf6 4.Bxc4 e6 5.Nf3 c5 6.Qe2 a6 7.dxc5 Bxc5 8.O-O Qc7
9.Nbd2 Nbd7 10.a3 O-O 11.b4 Bd6 12.Bb2 b5 13.Bd3 Bb7 14.Rac1 Qb8 15.h3 Re8
16.e4 Nh5 17.Bb1 Nf4 18.Qe3 Ng6 19.Rfd1 Bf4 20.Qe2 Nde5 21.g3 Nxf3+ 22.Qxf3 Be5
23.Bxe5 Qxe5 24.Nb3 Rad8 25.Nc5 Bc8 26.Qe2 Qg5 27.Kh2 e5 28.Ba2 Qh6 29.h4 Nxh4
30.gxh4 Qxh4+ 31.Kg1  1/2-1/2

[Event "Sveti Sava"]
[Site "Sveti Sava"]
[Date "1994.??.??"]
[Round "?"]
[White "Nestorovic, Dejan"]
[Black "Drasko, Milan"]
[Result "0-1"]
[WhiteElo "2365"]
[BlackElo "2545"]

1.d4 d5 2.Nf3 Nf6 3.c4 dxc4 4.e3 e6 5.Bxc4 c5 6.O-O a6 7.a3 b5 8.Ba2 Bb7
9.Nc3 Nbd7 10.Qe2 Qc7 11.e4 b4 12.axb4 cxb4 13.e5 bxc3 14.exf6 Nxf6 15.bxc3 Bd6
16.c4 O-O 17.h3 Rfd8 18.Bg5 Be7 19.Rac1 h6 20.Bh4 Nh5 21.Bxe7 Qxe7 22.g3 Qa3
23.d5 exd5 24.c5 Re8 25.Ne5 Nxg3 26.fxg3 Qxg3+ 27.Qg2 Qxg2+ 28.Kxg2 Rxe5
29.c6 Bc8 30.Rf2 Ra7 31.c7 Re7  0-1

[Event "SWZ-chT"]
[Site "SWZ"]
[Date "1994.??.??"]
[Round "2"]
[White "Gerber, Richard"]
[Black "Kamber, Bruno"]
[Result "1/2-1/2"]
[WhiteElo "2325"]
[BlackElo "2345"]

1.d4 d5 2.c4 dxc4 3.Nf3 Nf6 4.e3 c5 5.Bxc4 e6 6.O-O a6 7.a4 Nc6 8.Qe2 Be7
9.Rd1 O-O 10.Nc3 Qc7 11.b3 Bd7 12.Bb2 Rac8 13.d5 exd5 14.Nxd5 Nxd5 15.Bxd5 Bg4
16.Qc4 Bh5 17.Bxc6 Qxc6 18.Ne5 Qe8 19.Rd5 b5 20.axb5 axb5 21.Qc3 f6 22.Nd7 Qf7
23.e4 Rfe8 24.Nxc5 Bg6 25.f3 Bxc5+ 26.Rxc5 Rxc5 27.Qxc5 Qxb3 28.Qd4 h6 29.Ra7 Bf7
30.h3 Qe6 31.Rb7 Qc4 32.Qb6 Qe2 33.Qxb5 Qe3+ 34.Kh1 Rd8 35.Rb8 Rxb8 36.Qxb8+ Kh7
37.Qc7 Qb3 38.Bc3 Qc4 39.Qa5 Qa2 40.Qf5+ Bg6 41.Qc5 h5 42.Kh2 Qe6 43.Qc7 Bf7
44.e5 fxe5 45.Bxe5 Qg6 46.Qc3 Be6 47.Qd4 Bf5 48.Qh4 Kg8 49.Qd8+ Kh7 50.Qe7 Kg8
51.Qc7 Kh7 52.Qc4 Be6 53.Qd4 Bf5 54.g4 hxg4 55.hxg4 Be6 56.Kg3 Kg8 57.Qd1 Kh7
58.Qe2 Kg8 59.f4 Kh7 60.Qf3 Bf5 61.Qh1+ Kg8 62.Qh4 Be6 63.Qd8+  1/2-1/2

[Event "SWZ-chT"]
[Site "SWZ"]
[Date "1994.??.??"]
[Round "7"]
[White "Georges, Sacha"]
[Black "Rueetschi, Urs"]
[Result "1/2-1/2"]
[WhiteElo "2265"]
[BlackElo "2265"]

1.d4 d5 2.c4 dxc4 3.Nf3 Nf6 4.e3 e6 5.Bxc4 c5 6.O-O a6 7.Qe2 b5 8.Bb3 Bb7
9.a4 bxa4 10.Bxa4+ Nbd7 11.Ne5 Qc7 12.Rd1 cxd4 13.Nxd7 Nxd7 14.Rxd4 Bd6 15.Na3 O-O
16.Bd2 Nf6 17.Rc1 Qe7  1/2-1/2

[Event "Wch U18"]
[Site "Szeged"]
[Date "1994.??.??"]
[Round "7"]
[White "Chernuschevich, Alexei"]
[Black "Gyimesi, Zoltan"]
[Result "1/2-1/2"]
[WhiteElo "2365"]
[BlackElo "2360"]

1.d4 d5 2.c4 dxc4 3.e3 c5 4.Bxc4 e6 5.Nf3 Nf6 6.O-O a6 7.a4 Nc6 8.Nc3 Qc7
9.Bb3 Bd6 10.Qe2 O-O 11.dxc5 Bxc5 12.e4 Ng4 13.g3 Nge5 14.Nxe5 Nd4 15.Qc4 Nxb3
16.Qxb3 Qxe5 17.Bf4 Qh5 18.Qd1 Qh3 19.Bd6 Rd8 20.Bxc5 Rxd1 21.Raxd1 h6 22.Rd8+ Kh7
23.Rf8 b6 24.Bxb6 e5 25.Nd5 Qxf1+ 26.Kxf1 Bh3+ 27.Ke2 Rxf8 28.b4 Bd7 29.Bc5 Rb8
30.a5 f6 31.h4 h5 32.Ke3 Bb5 33.f4 exf4+ 34.gxf4 Kg6 35.Nc7 Bf1 36.e5 Rb7
37.Bd6 fxe5 38.fxe5 Kf5 39.e6 Rxc7  1/2-1/2

[Event "ISR-ch"]
[Site "Tel Aviv"]
[Date "1994.??.??"]
[Round "9"]
[White "Huzman, Alexander"]
[Black "Lev, Ronen"]
[Result "1-0"]
[WhiteElo "2575"]
[BlackElo "2495"]

1.Nf3 d5 2.d4 Nf6 3.c4 dxc4 4.e3 e6 5.Bxc4 c5 6.O-O a6 7.Bd3 Nc6 8.Nc3 Be7
9.dxc5 Bxc5 10.a3 O-O 11.b4 Bd6 12.Ne4 Be7 13.Bb2 Nd5 14.Rc1 Na7 15.Bb1 a5
16.Qd4 f6 17.Neg5 g6 18.Nxh7 Kxh7 19.Qg4 Rg8 20.Qh5+ Kg7 21.Qxg6+ Kf8 22.Qh6+ Rg7
23.Rc4 Qe8 24.Nh4 Qf7 25.Bg6 Qg8 26.e4 Nb6 27.Rc7 Nd7 28.Rd1 axb4 29.axb4 Nb5
30.Rcxd7 Bxd7 31.Rxd7 Ra2 32.Rxb7 Bd8 33.Rf7+ Qxf7 34.Bxf7 Rxb2 35.g3 Kxf7
36.Qh5+ Kf8 37.Qxb5 Rc7 38.Qb8 Rd7 39.Nf3 Kg7 40.e5 f5 41.Qc8 Rd1+ 42.Kg2 Kf7
43.Qb7+ Kg6 44.Qa6 Kf7 45.Qa7+ Kg6 46.Qa4  1-0

[Event "JUG-ch"]
[Site "Tivat"]
[Date "1994.??.??"]
[Round "9"]
[White "Drasko, Milan"]
[Black "Ivanovic, Bozidar"]
[Result "1/2-1/2"]
[WhiteElo "2545"]
[BlackElo "2480"]

1.d4 d5 2.c4 dxc4 3.Nf3 Nf6 4.e3 e6 5.Bxc4 c5 6.O-O a6 7.a3 b5 8.Ba2 Bb7
9.Qe2 cxd4 10.Nxd4 Nc6 11.Nxc6 Bxc6 12.Nc3 Bd6 13.e4 Be5 14.f3 O-O 15.Be3 Qc7
16.g3 Qb7 17.Rac1 Rfc8 18.Nd1 b4 19.Bc4 bxa3 20.bxa3 Bd6 21.Nf2 a5 22.Qa2 Qe7
23.a4 Ba3 24.Rc3 Bb4 25.Rc2  1/2-1/2

[Event "Four Nations Team U20"]
[Site "Tjele"]
[Date "1994.??.??"]
[Round "1"]
[White "Lampen, Timo"]
[Black "Royset, Paal"]
[Result "1/2-1/2"]
[WhiteElo "2155"]
[BlackElo "2225"]

1.d4 d5 2.c4 dxc4 3.e3 Nf6 4.Bxc4 e6 5.Nf3 c5 6.O-O a6 7.a4 Nc6 8.Qe2 Be7
9.Rd1 O-O 10.Nc3 Qb6 11.b3 Rd8 12.Ba3 cxd4 13.Bxe7 Nxe7 14.Nxd4 Bd7 15.e4 Qa5
16.Rac1 Ng6 17.Qb2 Qe5 18.f3 h5 19.Qf2 h4 20.Rd2 Rdc8 21.Rdc2 Nh5 22.Bf1 Qg5
23.Nce2 e5 24.Rxc8+ Bxc8 25.Nc2 Ngf4 26.Nxf4 Nxf4 27.Qe1 Bh3 28.Ne3 Rd8 29.Kh1 Nd3
30.Bxd3 Rxd3 31.Ng4 Bxg4 32.fxg4 Qxg4 33.h3 Qg3 34.Qf1 Rd8 35.b4 Qb3 36.Kh2 Qxb4
37.Qf5 Qe7 38.Rc8 Rxc8 39.Qxc8+ Kh7 40.Qf5+ Kh6 41.Qf2 g6 42.Qb6 Kg7 43.a5 Qd7
44.Qf2 Qa4 45.Qxh4 Qxa5 46.Qe7 Qb5 47.h4 a5 48.h5 a4 49.h6+ Kxh6 50.Qxf7 Qb4
51.Qd5 Qe7 52.g3 a3 53.Qg8 Qf6 54.Qa8 Qf2+ 55.Kh3 Qf1+ 56.Kh2 Qe2+ 57.Kh3 Qf1+  1/2-1/2

[Event "SVK-ch"]
[Site "Topolcianky"]
[Date "1994.??.??"]
[Round "8"]
[White "Orsag, Milan"]
[Black "Dudas, Jan"]
[Result "1/2-1/2"]
[WhiteElo "2385"]
[BlackElo "2310"]

1.d4 d5 2.Nf3 Nf6 3.c4 dxc4 4.e3 e6 5.Bxc4 c5 6.O-O a6 7.Nc3 b5 8.Bd3 Bb7
9.dxc5 Bxc5 10.a3 Nbd7 11.b4 Be7 12.Bb2 Rc8 13.Qe2 Bxf3 14.gxf3 Ne5 15.Rfd1 Nxd3  1/2-1/2

[Event "Vienna op"]
[Site "Vienna"]
[Date "1994.??.??"]
[Round "5"]
[White "Weinzettl, Ernst"]
[Black "Vodep, Otto"]
[Result "1-0"]
[WhiteElo "2320"]
[BlackElo "2205"]

1.Nf3 d5 2.d4 Nf6 3.c4 dxc4 4.e3 e6 5.Bxc4 c5 6.Qe2 a6 7.dxc5 Bxc5 8.O-O Qc7
9.Nbd2 Nc6 10.a3 b5 11.Bd3 Bb7 12.Ne4 Be7 13.Bd2 O-O 14.Rac1 Rad8 15.Nxf6+ Bxf6
16.Bb4 Rfe8 17.Qc2 Qb8 18.Bxh7+ Kh8 19.Be4 Nxb4 20.axb4 Rc8 21.Qb1 Rc4 22.Rxc4 bxc4
23.Rc1 Rc8 24.Bxb7 Qxb7 25.Qa2 Qxb4 26.Qxa6 Rd8 27.h3 Qxb2 28.Qxc4 g6 29.Qc2 Qxc2
30.Rxc2 Kg7 31.g4 Rd5 32.Rc7 g5 33.Kg2 Rd1 34.Rc5 Kg6 35.Rb5 Rd7 36.Nh2 Be7
37.Nf1 Rc7 38.Nd2 Rd7 39.Ne4 Ra7 40.Kg3 Ra4 41.Kf3 Ra7 42.Nd2 Rd7 43.Nc4 Bf6
44.Ke4 Ra7 45.f4 gxf4 46.exf4 Ra4 47.Rc5 Ra1 48.Kf3 Rf1+ 49.Kg3 Rg1+ 50.Kh2 Rf1
51.f5+ exf5 52.Ne3 Re1 53.Nxf5 Be5+ 54.Kg2 f6 55.Nh4+ Kf7 56.Nf3 Bd6 57.Rd5  1-0

[Event "Vladivostok"]
[Site "Vladivostok"]
[Date "1994.??.??"]
[Round "5"]
[White "Guliev, Sarhan"]
[Black "Nenashev, Alexander"]
[Result "1/2-1/2"]
[WhiteElo "2490"]
[BlackElo "2575"]

1.d4 d5 2.c4 dxc4 3.Nf3 Nf6 4.e3 e6 5.Bxc4 c5 6.O-O a6 7.a4 Nc6 8.Qe2 cxd4
9.Rd1 Be7 10.exd4 O-O 11.Nc3 Nb4 12.Ne5 Bd7 13.d5 exd5 14.Nxd5 Nfxd5 15.Bxd5 Nxd5
16.Rxd5 Bg4 17.Qe4 Qxd5 18.Qxd5 Rad8 19.Qb3 Rd1+ 20.Qxd1 Bxd1 21.Bg5 Bxg5
22.Rxd1 Rc8 23.g3 Bf6 24.Rd5 g6 25.Nd3 Rc4 26.Rd6 Kg7 27.Rb6 Rd4 28.Nc5 Be7
29.b4 Rd1+ 30.Kg2 Rb1 31.Nd3 Rb3 32.Rxb7 Bd6 33.Nf4 Rxb4 34.Rxb4 Bxb4 35.Kf3 f5
36.Nd3 Bc3 37.a5 Bxa5 38.Nc5 Bb4 39.Nxa6 Bd6 40.Ke3 Kf6 41.Kd4 f4 42.Kd5 fxg3
43.fxg3 Ba3 44.Nc7 Kf5 45.h3 h5  1/2-1/2

[Event "Vladivostok"]
[Site "Vladivostok"]
[Date "1994.??.??"]
[Round "9"]
[White "Kharlov, Andrei"]
[Black "Nenashev, Alexander"]
[Result "1-0"]
[WhiteElo "2530"]
[BlackElo "2575"]

1.d4 d5 2.c4 dxc4 3.Nf3 Nf6 4.e3 e6 5.Bxc4 c5 6.O-O a6 7.Bd3 Nbd7 8.Qe2 b6
9.Rd1 Bb7 10.Nbd2 Qb8 11.Nc4 b5 12.Na5 Bxf3 13.Qxf3 Bd6 14.a4 c4 15.Nc6 Qc8
16.Bc2 b4 17.b3 a5 18.bxc4 Ra6 19.d5 Ne5 20.Nxe5 Bxe5 21.Rb1 exd5 22.Bf5 Qc6
23.cxd5 Qxa4 24.Qe2 Rb6 25.f4 Bc3 26.e4 Qb5 27.Qf3 g6 28.Bh3 a4 29.e5 Nd7
30.Rd3 Qa6 31.Bxd7+ Kxd7 32.e6+ fxe6 33.dxe6+ Kc8 34.Rxc3+ bxc3 35.Qxc3+ Kb7
36.Qg7+ Kc6 37.Qd7+ Kc5 38.Be3+  1-0

[Event "Volgograd"]
[Site "Volgograd"]
[Date "1994.??.??"]
[Round "10"]
[White "Poluljahov, Aleksandr"]
[Black "Tregubov, Pavel V"]
[Result "1/2-1/2"]
[WhiteElo "2510"]
[BlackElo "2495"]

1.d4 d5 2.c4 dxc4 3.Nf3 Nf6 4.e3 e6 5.Bxc4 c5 6.O-O a6 7.dxc5 Qxd1 8.Rxd1 Bxc5
9.a3 b5 10.Bd3 Bb7 11.b4  1/2-1/2

[Event "Tyneside International"]
[Site "Newcastle"]
[Date "1995.05.26"]
[Round "1"]
[White "Walker, David"]
[Black "O'Cinneide, Mel"]
[Result "1/2-1/2"]
[WhiteElo "2300"]
[BlackElo "2280"]

1.d4 d5 2.c4 dxc4 3.e3 Nf6 4.Bxc4 e6 5.Nf3 c5 6.O-O a6 7.a4 Nc6 8.Qe2 Qc7
9.Nc3 Bd6 10.h3 O-O 11.Rd1 b6 12.d5 exd5 13.Bxd5 Bb7 14.e4 Rae8 15.Bg5 Nd4
16.Nxd4 Nxd5 17.Nxd5 Bxd5 18.Nf5 Bh2+ 19.Kh1 Bxe4 20.Ne7+ Kh8 21.Qxe4 f6
22.Re1 Bd6 23.Ng6+ hxg6 24.Qxe8 Rxe8 25.Rxe8+ Kh7 26.Bd2 Qd7 27.Re2 g5 28.Bc3 g4
29.hxg4 Qxg4 30.Re3 Kg8 31.Kg1 Qh5 32.g3 c4 33.Bd4 Bc5 34.Bxc5 Qxc5 35.Rc1 Qb4
36.Re4 b5 37.axb5 axb5 38.Re2 Qb3 39.Kg2 Kf7 40.Rc3 Qd1 41.Rce3  1/2-1/2

[Event "Aegina op"]
[Site "Aegina"]
[Date "1995.??.??"]
[Round "2"]
[White "Nenashev, Alexander"]
[Black "Theotokatos, Dionisis"]
[Result "1-0"]
[WhiteElo "2585"]
[BlackElo "2185"]

1.d4 d5 2.c4 dxc4 3.Nf3 Nf6 4.e3 e6 5.Bxc4 c5 6.O-O a6 7.Nc3 cxd4 8.exd4 b5
9.Bb3 Bb7 10.Re1 Be7 11.Bg5 O-O 12.Qe2 Re8 13.d5 Nxd5 14.Bxd5 Bxd5 15.Bxe7 Rxe7
16.Nxd5 Qxd5 17.Rad1 Qc6 18.Rd8+ Re8 19.Red1 Kf8 20.Ne5 Qc7 21.Qh5 Ra7 22.Rxe8+ Kxe8
23.Qxh7  1-0

[Event "Antwerp op"]
[Site "Antwerp"]
[Date "1995.??.??"]
[Round "3"]
[White "Wells, Peter K"]
[Black "Quist, Johan"]
[Result "1/2-1/2"]
[WhiteElo "2545"]
[BlackElo "2300"]

1.d4 d5 2.c4 dxc4 3.Nf3 Nf6 4.e3 e6 5.Bxc4 c5 6.O-O a6 7.Bd3 Nc6 8.Nc3 Be7
9.dxc5 Bxc5 10.b3 O-O 11.Bb2 Qe7 12.e4 e5 13.Nd5 Qd6 14.Rc1 Rd8 15.b4 Bd4
16.Nxd4 Nxd4 17.f4 Nxd5 18.fxe5 Qxb4 19.exd5 Qxb2 20.Bxh7+ Kxh7 21.Qh5+ Kg8
22.Qxf7+ Kh7 23.Qh5+ Kg8 24.Qf7+  1/2-1/2

[Event "ARG-ch"]
[Site "?"]
[Date "1995.??.??"]
[Round "2"]
[White "Hoffman, Alejandro"]
[Black "Gomez Baillo, Jorge H"]
[Result "0-1"]
[WhiteElo "2495"]
[BlackElo "2420"]

1.d4 d5 2.c4 dxc4 3.e3 Nf6 4.Bxc4 e6 5.Nf3 c5 6.O-O a6 7.b3 Nbd7 8.Bb2 Be7
9.Nbd2 O-O 10.Qe2 b5 11.Bd3 cxd4 12.Nxd4 Bb7 13.Rad1 Qb6 14.Bb1 Rfd8 15.Kh1 Rac8
16.f4 Nd5 17.Ne4 N7f6 18.Ng5 Nc3 19.Bxc3 Rxc3 20.Rc1 Rxc1 21.Rxc1 Bc5 22.Nc2 Qd6
23.Nf3 Ne4 24.Ncd4 Ba3 25.Rf1 g6 26.Bc2 Nc3 27.Qe1 Re8 28.h3 Be4 29.Bxe4 Nxe4
30.Kh2 f6 31.Qb1 Qd5 32.Rd1 Nc3 33.Qc2 e5 34.fxe5 fxe5 35.e4 Qd7 36.Rd3 exd4
37.Rxd4 Bd6+ 38.Kh1 Qe7 39.Qd3 Be5 40.Rd7 Qf6 41.Ra7 Rd8  0-1

[Event "AUT-chT2O 9495"]
[Site "?"]
[Date "1995.??.??"]
[Round "?"]
[White "Kummer, Helmut"]
[Black "Zoebisch, Herbert"]
[Result "1/2-1/2"]
[WhiteElo "2290"]
[BlackElo "2295"]

1.d4 d5 2.c4 dxc4 3.Nf3 Nf6 4.e3 e6 5.Bxc4 c5 6.O-O a6 7.Qe2 b5 8.Bb3 Bb7
9.Rd1 Nbd7 10.Nc3 Qb8 11.d5 exd5 12.Nxd5 Nxd5 13.Bxd5 Bxd5 14.Rxd5 Qb7 15.e4 Be7
16.Bg5 f6 17.Rad1 Nb6 18.Bf4 O-O 19.Rh5 g6 20.Rh3 Rfe8 21.e5 fxe5 22.Qxe5 Bf8
23.Qg5 Qe7 24.g4 Qxg5 25.Nxg5 h6 26.Nf3 Re4 27.Bxh6 Rxg4+ 28.Kf1 Bxh6 29.Rxh6 Kg7
30.Ne5 Rg5 31.Rxg6+ Rxg6 32.Nxg6 Na4 33.b3 Nc3 34.Rd6 Nxa2 35.Nf4 c4 36.bxc4 bxc4
37.Rc6 c3 38.Nd5 a5 39.Nxc3 Nxc3 40.Rxc3 a4 41.Ra3 Kf6 42.Ke2 Ke5 43.Ke3 Kd5
44.f4 Rh8 45.Rxa4 Rxh2  1/2-1/2

[Event "AUT-chT2S 9596"]
[Site "AUT"]
[Date "1995.??.??"]
[Round "?"]
[White "Gigerl, Erich"]
[Black "Brod, Manfred"]
[Result "1/2-1/2"]
[WhiteElo "2300"]
[BlackElo "2255"]

1.d4 d5 2.Nf3 Nf6 3.c4 dxc4 4.e3 e6 5.Bxc4 c5 6.Nc3 a6 7.O-O b5 8.Bb3 Bb7
9.Qe2 Nbd7 10.Rd1 Qb8 11.Bc2  1/2-1/2

[Event "AUT-chT2O 9596"]
[Site "AUT"]
[Date "1995.??.??"]
[Round "3"]
[White "Thallinger, Harald"]
[Black "Zoebisch, Herbert"]
[Result "1/2-1/2"]
[WhiteElo "2360"]
[BlackElo "2260"]

1.d4 d5 2.c4 dxc4 3.Nf3 Nf6 4.e3 e6 5.Bxc4 c5 6.O-O a6 7.Qe2 b5 8.Bb3 Bb7
9.a4 Nbd7 10.Rd1 Qb6 11.Bd2 Be7 12.axb5 axb5 13.Rxa8+ Bxa8 14.dxc5 Nxc5 15.Bc2 b4
16.Qc4 b3 17.Bd3 Nxd3 18.Qxd3 O-O 19.Bc3 Be4 20.Qe2 Bc2 21.Rc1 Nd5 22.Bd4 Qb7
23.Ne1 Bg6 24.Nd2 f6 25.Qc4 Rb8 26.e4 Nf4 27.Be3 Bf7 28.Bxf4 e5 29.Qc7 exf4  1/2-1/2

[Event "Oberliga Bayern9495"]
[Site "Bayern"]
[Date "1995.??.??"]
[Round "2"]
[White "Bachmayr, Peter"]
[Black "Bus, Mariusz"]
[Result "0-1"]
[WhiteElo "2270"]
[BlackElo "2385"]

1.d4 d5 2.Nf3 Nf6 3.c4 dxc4 4.e3 c5 5.Bxc4 e6 6.O-O a6 7.a4 Nc6 8.Qe2 Qc7
9.Rd1 Be7 10.Nc3 O-O 11.Bd2 Rd8 12.dxc5 Bxc5 13.Rac1 b6 14.Be1 Rxd1 15.Rxd1 Bb7
16.h3 h6 17.Nb1 a5 18.Nc3 Ne5 19.Nxe5 Qxe5 20.Qd2 Rc8 21.Bf1 Bc6 22.Bb5 Bb7
23.Bf1 Qg5 24.Qd3 Bf3 25.Rc1 Bc6 26.Bd2 Qh4 27.Qc4 Qxc4 28.Bxc4 Bb4 29.Bb5 Bxb5
30.axb5 Rc5 31.Kf1 Bxc3 32.Rxc3 Rxb5 33.Rc8+ Kh7 34.Bc3 Ne4 35.Ke2 Nxc3+
36.bxc3 Rc5 37.Rxc5 bxc5 38.Kd3 Kg6 39.c4 Kf5 40.f3 Ke5 41.f4+ Kf6 42.e4  0-1

[Event "Belfort"]
[Site "Belfort"]
[Date "1995.??.??"]
[Round "1"]
[White "Hauchard, Arnaud"]
[Black "Santo Roman, Marc"]
[Result "1/2-1/2"]
[WhiteElo "2455"]
[BlackElo "2465"]

1.d4 d5 2.Nf3 Nf6 3.c4 dxc4 4.e3 e6 5.Bxc4 c5 6.Qe2 cxd4 7.exd4 Nc6 8.Nc3 Be7
9.O-O O-O 10.Rd1 Nb4 11.Ne5 Bd7 12.d5 Nbxd5 13.Bxd5 Nxd5 14.Nxd5 exd5 15.Rxd5 Bg4
16.Qd3 Qxd5 17.Qxd5 Rad8 18.Qxd8 Rxd8 19.Be3 Be6 20.Bxa7 Bxa2 21.h3 Be6 22.Bb6 Rc8
23.Bd4 f6 24.Ng4 Rd8 25.Bc3 b5 26.Ne3 b4 27.Be1 Rd3 28.Nc2 b3 29.Ne3 Bc5
30.Rd1 Rxd1 31.Nxd1 Kf7 32.Bc3 Bc4 33.Ne3 Bd3 34.Nf1 Ke6 35.Nd2 Bc2 36.Kf1 h5
37.Ke2 Kd5 38.Nf1 Be4 39.f3 Bg6 40.g4 hxg4 41.hxg4 Bc2  1/2-1/2

[Event "Belgrade Trako"]
[Site "Belgrade"]
[Date "1995.??.??"]
[Round "7"]
[White "Simic, Radoslav"]
[Black "Damljanovic, Branko"]
[Result "1/2-1/2"]
[WhiteElo "2485"]
[BlackElo "2575"]

1.d4 d5 2.c4 dxc4 3.e3 e6 4.Bxc4 Nf6 5.Nf3 c5 6.O-O a6 7.a4 Nc6 8.Qe2 cxd4
9.Rd1 Be7 10.exd4 O-O 11.Nc3 Nd5  1/2-1/2

[Event "Benasque"]
[Site "Benasque"]
[Date "1995.??.??"]
[Round "8"]
[White "Giorgadze, Giorgi"]
[Black "Psakhis, Lev"]
[Result "1/2-1/2"]
[WhiteElo "2605"]
[BlackElo "2610"]

1.Nf3 d5 2.d4 Nf6 3.c4 dxc4 4.e3 e6 5.Bxc4 c5 6.O-O a6 7.Bd3 Nbd7 8.Qe2 cxd4
9.exd4 b5 10.a4 bxa4 11.Rxa4 a5 12.Bd2 Bb7 13.Nc3 Bb4 14.Ne4 Bxe4 15.Bxe4 Nxe4
16.Qxe4 Bxd2 17.Nxd2 O-O 18.Rfa1 Nf6  1/2-1/2

[Event "Berliner Sommer"]
[Site "Berlin"]
[Date "1995.??.??"]
[Round "3"]
[White "Dydyshko, Viacheslav"]
[Black "Lingnau, Carsten"]
[Result "1-0"]
[WhiteElo "2545"]
[BlackElo "2400"]

1.d4 d5 2.c4 dxc4 3.e3 Nf6 4.Bxc4 e6 5.Nf3 c5 6.O-O a6 7.Bd3 Nbd7 8.Qe2 b6
9.Rd1 Bb7 10.h3 Qc7 11.Nc3 Be7 12.Bd2 O-O 13.Rac1 b5 14.e4 Rac8 15.e5 c4
16.Bb1 Nd5 17.Ne4 h6 18.Nh2 Qc6 19.Re1 f5 20.exf6 N5xf6 21.f3 Qb6 22.Be3 Nd5
23.Bf2 Qc6 24.Qc2 Nb4 25.Qd2 Rfe8 26.a3 Nd5 27.Qc2 Nf8 28.Ng4 a5 29.Ne5 Qc7
30.a4 Qb6 31.axb5 Qxb5 32.Nc5 Bxc5 33.dxc5 Ba6 34.Qxc4 Qb7 35.c6 Qa8 36.Qa4  1-0

[Event "Berliner Sommer"]
[Site "Berlin"]
[Date "1995.??.??"]
[Round "7"]
[White "Krogius, Nikolai V"]
[Black "Grabliauskas, Virginijus"]
[Result "1/2-1/2"]
[WhiteElo "2485"]
[BlackElo "2395"]

1.Nf3 d5 2.d4 Nf6 3.c4 dxc4 4.e3 e6 5.Bxc4 c5 6.Nc3 a6 7.a4 Nc6 8.O-O Be7
9.Qe2 cxd4 10.Rd1 O-O 11.exd4 Nb4 12.Bg5 Bd7 13.Ne5 Bc6 14.Rac1 Bd5 15.Nxd5 Nfxd5
16.Bd2 Rc8 17.Qf3 Bg5 18.Bxb4 Nxb4 19.Rc3 Nd5 20.Bxd5 Rxc3 21.bxc3 Qxd5 22.Qxd5 exd5
23.Rb1 Rc8 24.Rxb7 f6 25.h4 Bd2 26.Nd7 Bxc3 27.Nc5 Rc6 28.Nb3 Rc4 29.a5 Rb4
30.Rb6 Kf7 31.Kf1 Ke7 32.Ke2 Rxb6 33.axb6 Kd6 34.Nc5 a5 35.Kd3 Be1 36.f3 Bxh4
37.b7 Kc7 38.Kc3 Bf2 39.Ne6+ Kxb7 40.Nxg7 Kc6 41.Nf5 Kb5 42.Ne7 Be1+ 43.Kd3 Kb4
44.Nxd5+ Kb3 45.Nb6 a4 46.Nxa4 Kxa4 47.g4 Kb5 48.Ke4 Kc4 49.Kf5 Bh4 50.f4 h6
51.Ke4 Bg3 52.Kf5 Bh4 53.Ke4 Kb5 54.Kf5 Kc6 55.Kg6 Kd5 56.Kxh6 Ke4 57.g5 f5
58.g6 Bf6 59.g7 Bxg7+ 60.Kxg7 Kxf4 61.Kg6 Ke4 62.d5  1/2-1/2

[Event "Biel Credis op"]
[Site "Biel"]
[Date "1995.??.??"]
[Round "4"]
[White "Sinkovics, Peter"]
[Black "Giertz, Niklaus"]
[Result "1/2-1/2"]
[WhiteElo "2415"]
[BlackElo "2360"]

1.d4 d5 2.c4 dxc4 3.Nf3 Nf6 4.e3 e6 5.Bxc4 c5 6.O-O a6 7.dxc5 Bxc5 8.Qxd8+ Kxd8
9.a3 Ke7 10.b4 Bd6 11.Bb2 b5 12.Be2 Bb7 13.Nbd2 Nbd7 14.Rfc1 Rhc8 15.Kf1 Nb6
16.Ne5 Na4 17.Bd4 Nd5 18.Nb3 Ndc3  1/2-1/2

[Event "Bled op"]
[Site "Bled"]
[Date "1995.??.??"]
[Round "5"]
[White "Tukmakov, Vladimir B"]
[Black "Mikhalchishin, Adrian"]
[Result "1/2-1/2"]
[WhiteElo "2585"]
[BlackElo "2500"]

1.d4 d5 2.c4 dxc4 3.e3 c5 4.Bxc4 e6 5.Nf3 Nf6 6.O-O a6 7.Bd3 Nbd7 8.Qe2 b6
9.Nc3 Bb7 10.Bd2 Bd6 11.Rac1 O-O 12.Rfd1 Qb8 13.h3 h6 14.Bb1 b5 15.a3 Rd8
16.Be1 cxd4 17.Nxd4 Nb6 18.Ba2 Bf8 19.Nb1 Rc8 20.Nd2 Rxc1 21.Rxc1 Qe8 22.N2f3  1/2-1/2

[Event "Bodensee-Cup"]
[Site "Bodensee"]
[Date "1995.??.??"]
[Round "?"]
[White "Siegel, Georg"]
[Black "Kraut, Rainer"]
[Result "1/2-1/2"]
[WhiteElo "2505"]
[BlackElo "2420"]

1.d4 d5 2.c4 dxc4 3.e3 Nf6 4.Bxc4 e6 5.Nf3 c5 6.O-O a6 7.a4 Nc6 8.Qe2 cxd4
9.Rd1 Be7 10.exd4 O-O 11.Nc3 Nb4 12.Ne5 Bd7 13.d5 exd5 14.Nxd5 Nfxd5 15.Bxd5 Nxd5
16.Rxd5 Bg4 17.Qe4  1/2-1/2

[Event "SWE-chB"]
[Site "Borlange"]
[Date "1995.??.??"]
[Round "?"]
[White "Backe, Peter"]
[Black "Persson, Richard"]
[Result "1/2-1/2"]
[WhiteElo "2285"]
[BlackElo "2135"]

1.d4 d5 2.Nf3 Nf6 3.c4 dxc4 4.e3 e6 5.Bxc4 c5 6.O-O a6 7.Qe2 b5 8.Bb3 Bb7
9.a4 Nbd7 10.Na3 Be7 11.Bd2 cxd4 12.exd4 b4 13.Nc4 O-O 14.a5 Nb8 15.Nce5 Nc6
16.Nxc6 Bxc6 17.Ne5 Bb5 18.Bc4 Rb8 19.Bxb5 Rxb5 20.Nc6 Qd7 21.Nxe7+ Qxe7
22.Rfc1 Qd7 23.Rc4 Nd5 24.Rc5 Rfb8 25.Rac1 Qd8 26.Rxb5 Rxb5 27.Rc6 Rxa5 28.Rxa6 h6
29.g3 Qc7 30.Rxa5 Qxa5 31.Qd1 Qb6 32.Qg4 Kh7 33.Qe4+ Kg8 34.Qd3 Qa7 35.Kg2 Qb7
36.f3 Qa7 37.Qc4 Qa1 38.Qc8+ Kh7 39.Qc2+ Kg8 40.Qc8+ Kh7 41.Qc2+ Kg8  1/2-1/2

[Event "SWE-chB"]
[Site "Borlange"]
[Date "1995.??.??"]
[Round "?"]
[White "Tornblom, Nils"]
[Black "Nordstrom, Felix"]
[Result "1/2-1/2"]
[WhiteElo "2255"]
[BlackElo "2205"]

1.d4 d5 2.Nf3 Nf6 3.c4 dxc4 4.e3 e6 5.Bxc4 c5 6.O-O a6 7.a4 Nc6 8.Nc3 cxd4
9.exd4 Be7 10.h3 O-O 11.Be3 Nb4 12.Qb3 Bd7 13.Ne5 Bc6 14.Rfd1 Bd5 15.Bg5 Bxc4
16.Nxc4 Nfd5 17.Nxd5 Nxd5 18.Bxe7 Qxe7 19.Nb6 Rad8 20.Rac1 g6 21.Rc4 Nxb6
22.Qxb6 Rd6 23.Qb4 Rfd8 24.Rdc1 R6d7 25.b3 Qxb4  1/2-1/2

[Event "SWE-ch"]
[Site "Borlange"]
[Date "1995.??.??"]
[Round "3"]
[White "Astrom, Robert"]
[Black "Degerman, Lars"]
[Result "1/2-1/2"]
[WhiteElo "2395"]
[BlackElo "2485"]

1.d4 d5 2.c4 dxc4 3.e3 Nf6 4.Bxc4 e6 5.Nf3 c5 6.O-O a6 7.Bd3 cxd4 8.exd4 Be7
9.Nc3 O-O 10.Ne5 Nc6 11.Nxc6 bxc6 12.Be3 Nd5 13.Rc1 a5 14.Na4 Ba6 15.Bxa6 Rxa6
16.Qe2 Qa8 17.Rc4 Qb7 18.Rfc1 Qb5 19.Nc3 Qb6 20.Na4 Qb5 21.b3 Rd8 22.g3 h6  1/2-1/2

[Event "SWE-ch"]
[Site "Borlange"]
[Date "1995.??.??"]
[Round "7"]
[White "Sjoberg, Mats"]
[Black "Degerman, Lars"]
[Result "1/2-1/2"]
[WhiteElo "2450"]
[BlackElo "2485"]

1.d4 d5 2.c4 dxc4 3.e3 Nf6 4.Bxc4 e6 5.Nf3 c5 6.O-O a6 7.b3 Nc6 8.Bb2 Be7
9.dxc5 Qxd1 10.Rxd1 Bxc5 11.Nbd2 O-O 12.Ng5 Be7 13.Nge4 b5 14.Be2 Bb7 15.Nxf6+ gxf6
16.Ne4 Ne5 17.Nd6 Bd5 18.Nf5 Bc5 19.Bd4 Bxd4 20.Ne7+ Kg7 21.exd4 Ng6 22.Nxd5 exd5
23.a4 Nf4 24.Bf3 bxa4 25.Rxa4 Rfb8 26.b4 Rb6 27.g3 Ne6 28.Bxd5 Rab8 29.Bxe6 fxe6
30.Ra5 Rd8 31.Ra4 Rd5 32.Kg2  1/2-1/2

[Event "SWE-ch"]
[Site "Borlange"]
[Date "1995.??.??"]
[Round "8"]
[White "Astrom, Robert"]
[Black "Ornstein, Axel"]
[Result "1/2-1/2"]
[WhiteElo "2395"]
[BlackElo "2450"]

1.d4 d5 2.c4 dxc4 3.e3 Nf6 4.Bxc4 e6 5.Nf3 c5 6.Qe2 a6 7.dxc5 Bxc5 8.O-O b5
9.Bd3 Bb7 10.Nbd2 Nbd7 11.a3 Qb8 12.b4 Bd6 13.Bb2 Ng4 14.h3 Nge5 15.Be4  1/2-1/2

[Event "Ciocaltea mem"]
[Site "Bucharest"]
[Date "1995.??.??"]
[Round "2"]
[White "Itkis, Boris"]
[Black "Atalik, Suat"]
[Result "1-0"]
[WhiteElo "2410"]
[BlackElo "2500"]

1.d4 d5 2.c4 dxc4 3.Nf3 Nf6 4.e3 e6 5.Bxc4 c5 6.O-O a6 7.Bd3 Nbd7 8.Nc3 b6
9.Qe2 Bb7 10.Rd1 Qb8 11.Bc2 Bd6 12.h3 O-O 13.dxc5 Bxc5 14.e4 b5 15.Be3 Rc8
16.Rac1 Nf8 17.Bxc5 Rxc5 18.Qe3 Qc7 19.Bd3 Rc8 20.Ne2 b4 21.Rxc5 Qxc5 22.Qxc5 Rxc5
23.Nd2 N8d7 24.Nb3 Rc8 25.f3 Ne5 26.Kf2 Rd8 27.Nc5 Bc6 28.Bc2 Rxd1 29.Bxd1 a5
30.Nd4 Be8 31.Be2 Kf8 32.Nb7 a4 33.Nc2 Nc6 34.Nc5 b3 35.axb3 axb3 36.Nxb3 Ke7
37.Ke3 e5 38.Nd2 Nh5 39.b4 Nf4 40.Bf1 Ne6 41.Nb3 Na7 42.h4 h6 43.g3 g5 44.hxg5 hxg5
45.Bc4 Ng7 46.Na3 f5 47.b5  1-0

[Event "Spring op"]
[Site "Budapest"]
[Date "1995.??.??"]
[Round "?"]
[White "Schubert, Gerhard"]
[Black "Lehmann, Zoltan"]
[Result "0-1"]
[WhiteElo "2125"]
[BlackElo "2340"]

1.d4 d5 2.c4 dxc4 3.e3 e6 4.Bxc4 Nf6 5.Nf3 c5 6.O-O a6 7.dxc5 Qc7 8.b3 Bxc5
9.Bb2 Nbd7 10.Nc3 b5 11.Be2 Bb7 12.Rc1 Qb8 13.Nd4 e5 14.Nf5 O-O 15.Bf3 Rd8
16.Bxb7 Qxb7 17.Qf3 Qxf3 18.gxf3 Bf8 19.Rfd1 Nc5 20.Ne4 Nfxe4 21.fxe4 Nd3
22.Rc2 Nb4 23.Rcd2 Rxd2 24.Rxd2 Nxa2 25.Bxe5 Nc1 26.b4 Bxb4 27.Rd1 f6 28.Bb2 Nb3
29.e5 fxe5 30.Bxe5 Bf8 31.Rd7 Nc5 32.Rc7 Ne6 33.Rb7 Re8 34.Bb2 g6 35.Ng3 Nc5
36.Ra7 b4 37.Bd4 b3 38.Bxc5 Bxc5 39.Rxa6 b2  0-1